000 005320000a22001810004500
003 MACL
005 20160311163644.0
008 160311b xxu||||| |||| 00| 0 eng d
040 _aMACL
_cMACL
041 _aHindi
082 _a891.433
100 _aकवठेकर दत्‍त रघुनाथ
_945082
245 _aरेशम की गॉठें
260 _bशान्ति प्रकाशन
_c1983
_aइलाहाबाद
350 _a22
650 _aNovel
_945083
942 _cHIN
_k891.433
_2ddc
999 _c28773
_d28773